000 01122nam2a22002771 4500
001 RU\NLR\INFOCOMM31\1000008593
005 20250806205230.0
035 _a(NLR Aleph) 002485065
090 _a1555
_c1555
100 _a20031215d1945 u y0rusy50 ca
101 0 _arus
102 _aRU
105 _ay |||||||||
200 1 _aВлияние гидрометеорологических условий на состояние льдов в море Лаптевых
_fКарелин Д.Б.
210 _d1945
461 0 _1001RU\NLR\INFOCOMM31\1000008412
_12001#$aТруды Государственного научного центра Российской Федерации Арктического и антарктического научно-исследовательского института$vТ.188
700 1 _aКарелин
_bД.Б.
_4070
801 1 _aRU
_bInfoComm
_c20031215
801 0 _aRU
_bNLR
_gPSBO
852 _aNLR
_jП7/286
942 _cISSUE
945 _aРоссийская национальная библиотека
980 _aNB
980 _aBV
980 _aRUSPER